<?xml version="1.0" encoding="UTF-8"?>
<record
    xmlns:xsi="http://www.w3.org/2001/XMLSchema-instance"
    xsi:schemaLocation="http://www.loc.gov/MARC21/slim http://www.loc.gov/standards/marcxml/schema/MARC21slim.xsd"
    xmlns="http://www.loc.gov/MARC21/slim">

  <leader>00423nam a2200157Ia 4500</leader>
  <controlfield tag="008">231217s9999    xx            000 0 und d</controlfield>
  <datafield tag="041" ind1=" " ind2=" ">
    <subfield code="a">English</subfield>
  </datafield>
  <datafield tag="082" ind1=" " ind2=" ">
    <subfield code="a">001.6424MAT  ETT;1 `R'</subfield>
  </datafield>
  <datafield tag="100" ind1=" " ind2=" ">
    <subfield code="a">Etter, Delores M. Kuncicky, David C. Hull, Doug.</subfield>
  </datafield>
  <datafield tag="245" ind1=" " ind2="0">
    <subfield code="a">Introduction to matlab 6</subfield>
  </datafield>
  <datafield tag="250" ind1=" " ind2=" ">
    <subfield code="a">2nd ed.</subfield>
  </datafield>
  <datafield tag="260" ind1=" " ind2=" ">
    <subfield code="c">2002</subfield>
    <subfield code="b">New Jersey : Prentice-Hall,</subfield>
  </datafield>
  <datafield tag="300" ind1=" " ind2=" ">
    <subfield code="a">xviii+142</subfield>
  </datafield>
  <datafield tag="650" ind1=" " ind2=" ">
    <subfield code="a">matlab,6</subfield>
  </datafield>
  <datafield tag="942" ind1=" " ind2=" ">
    <subfield code="c">AA</subfield>
  </datafield>
  <datafield tag="999" ind1=" " ind2=" ">
    <subfield code="c">168764</subfield>
    <subfield code="d">168764</subfield>
  </datafield>
  <datafield tag="952" ind1=" " ind2=" ">
    <subfield code="r">2024-01-26 00:00:00</subfield>
    <subfield code="l">0</subfield>
    <subfield code="o">001.6424MAT  ETT;1 `R'</subfield>
    <subfield code="p">20847</subfield>
    <subfield code="v">952.29</subfield>
    <subfield code="w">2024-01-26</subfield>
    <subfield code="y">AA</subfield>
    <subfield code="1">0</subfield>
    <subfield code="4">0</subfield>
    <subfield code="7">0</subfield>
    <subfield code="8">CL</subfield>
    <subfield code="0">0</subfield>
    <subfield code="a">ML</subfield>
    <subfield code="b">ML</subfield>
    <subfield code="d">2002-09-04</subfield>
    <subfield code="e">Allied  publ.</subfield>
    <subfield code="g">1120.34</subfield>
    <subfield code="E">EC</subfield>
    <subfield code="K">3421</subfield>
    <subfield code="L">13/12/2004</subfield>
    <subfield code="G">RS</subfield>
    <subfield code="F">1</subfield>
    <subfield code="V">168.05</subfield>
    <subfield code="W">15</subfield>
  </datafield>
</record>
